Direct current machinery

Salvato in:
Dettagli Bibliografici
Autore principale: Siskind, Charles Seymour (Autore)
Natura: Libro
Lingua:inglese
Pubblicazione: Nueva York McGraw-Hill 1952
Serie:McGraw-Hill Electrical and Electronic Engineering Series
Soggetti:
Tags: Aggiungi Tag
Nessun Tag, puoi essere il primo ad aggiungerne!!

MARC

LEADER 00000nam a2200000 a 4500
001 UCU3967
003 CL-VaPUC
008 960517e19520000US |||||||||||||||||eng|d
082 0 4 |a 621.319  |b SIS  |2 21 
100 0 |a Siskind, Charles Seymour  |e author  |9 361225 
245 1 0 |a Direct current machinery 
300 |a 319 p 
942 |c BK 
945 |d 19960517 00:00:00  |a cmena 
260 |a Nueva York  |b McGraw-Hill  |c 1952 
650 7 |a GENERADORES ELECTRICOS  |2 CL-VaPUC  |9 361226 
650 0 |a Motores   |9 334293 
650 7 |a TECNOLOGIA ELECTRICA  |2 CL-VaPUC  |9 336952 
650 0 |a Motores eléctricos   |9 260085 
650 0 |a Generación de energía eléctrica  |9 345677 
583 |a last modification  |c 19960517 00:00:00  |k Rodrigo Vera 
490 0 |a McGraw-Hill Electrical and Electronic Engineering Series 
999 |c 247809  |d 247807 
952 |0 0  |1 0  |4 0  |6 621_319000000000000_SIS_1952  |7 0  |8 A  |9 263986  |a BIBING  |b BIBING  |d 2019-11-19  |i 166042K  |o 621.319 SIS 1952  |p 166042K  |r 2025-01-20  |w 2019-11-19  |y BK  |k EIE